000 00772nam a2200229 i 4500
001 26007
003 ES-MaACL
005 20250702063037.0
007 t|
008 030107s1900 sp ||||1| spa d
100 1 _aArenas López, Anselmo,
_d1844-1928
_922607
245 1 0 _aViriato no fué portugués sino celtíbero : su biografía /
_cAnselmo Arenas López.
260 _aGuadalajara :
_b[s.n.],
_c1900 (
_fTip. La Minerva)
300 _a126 p. ;
_c22 cm.
490 1 _aReivindicaciones históricas ;
_v2
504 _aIncluye referencias bibliográficas. Índice.
600 0 4 _aViriato.
_9173228
830 0 _aReivindicaciones históricas ;
_v2
_9181017
852 _aES-MaACL
_jT-1002-F-4
852 _aES-MaACL
_j1621-F-8
999 _c26007
_d26007